Madagascar A-Z - Statistics

General Stats
  • This quiz has been taken 19 times
  • The average score is 10 of 26
Answer Stats
Hint Answer % Correct
A Capital city Antananarivo
89%
F One of two official languages French
78%
L National animal and endemic primate Lemur
78%
B Known as the "tree of life" Baobab
67%
C Largest religion Christianity
56%
I Island nation that cast the first settlers to Madagascar Indonesia
56%
M One of two official languages Malagasy
56%
U Madagascar joined this organization on September 20th, 1960 United Nations
56%
J Time period in which Madagascar split from mainland Africa Jurassic
50%
Q A ruler known for protecting her kingdom from colonization: _____ Ranavalona Queen
44%
Z Cattle used for meat, milk, and work Zebu
44%
H Large and semiaquatic extinct mammal: Malagasy __________ Hippopotamus
39%
O A flower with over 1,000 species native to Madagascar Orchid
39%
Y Type of gemstone: ______ sapphire Yellow
33%
G Endemic insect with a long neck: ______ weevil Giraffe
28%
N Volcanic island off the northwestern coast Nosy Be
22%
D The first European to observe the island Diogo Dias
17%
E Flightless birds that went extinct around 1000 CE Elephant foot
17%
S The clearing and burning of a forest to create land for agriculture Slash-and-burn
17%
V First inhabitants, often believed to be pygmy people Vazimba
17%
K Humanoid spirits said to live in the rainforests Kalanoro
11%
P A field where rice is grown Paddy
11%
R Reptile under critical endangerment from the pet trade Radiated tortoise
11%
T Small, endemic mammal often resembling a hedgehog or shrew Tenrec
11%
W A common craft often producing products for the tourist market Woodworking
11%
X Biome in southwest Madagascar: ____ shrublands Xeric
11%
No matching quizzes found
Score Distribution
Percent of People with Each Score
Percentile by Number Answered
Your Score History
You have not taken this quiz